FIFA Women's Rankings - Statistics

General Stats
  • This quiz has been taken 44 times
    7 since last reset
  • The average score is 44 of 50
Answer Stats
Hint Answer % Correct
30 Argentina
100%
15 Australia
100%
22 Austria
100%
18 Belgium
100%
8 Brazil
100%
9 Canada
100%
16 China
100%
20 Colombia
100%
43 Costa Rica
100%
13 Denmark
100%
4 England
100%
6 France
100%
3 Germany
100%
48 Hungary
100%
27 Ireland
100%
5 Japan
100%
28 Mexico
100%
11 Netherlands
100%
34 New Zealand
100%
10 North Korea
100%
24 Poland
100%
21 Portugal
100%
25 Scotland
100%
19 South Korea
100%
1 Spain
100%
23 Switzerland
100%
2 United States
100%
37 Vietnam
100%
31 Wales
100%
45 Chile
83%
32 Czechia
83%
26 Finland
83%
17 Iceland
83%
14 Italy
83%
36 Nigeria
83%
12 Norway
83%
39 Philippines
83%
49 Romania
83%
29 Russia
83%
33 Serbia
83%
38 Slovenia
83%
7 Sweden
83%
35 Ukraine
83%
47 Haiti
67%
50 Northern Ireland
67%
40 Taiwan
67%
41 Jamaica
50%
44 Paraguay
50%
42 Venezuela
33%
46 Belarus
17%
No matching quizzes found
Score Distribution
Percent of People with Each Score
Percentile by Number Answered
Your Score History
You have not taken this quiz since the last reset